00000000cam 2200000zi 4500
0019.953381
003CaOODSP
00520260528135724
006m     o  d f      
007cr mn|||||||||
008250718e202507##onc     o    f000 0 eng d
020 |a9780660782010
040 |aCaOODSP|beng|erda|cCaOODSP
043 |an-cn---
0861 |aP114-37/2025E-PDF
24500|aReview of complaint : |bacquisition of office furniture by the Department of National Defence / |cOffice of the Procurement Ombud.
24610|aAcquisition of office furniture by the Department of National Defence
264 1|aOttawa, ON : |bOffice of the Procurement Ombud = Bureau de l'ombud de l'approvisionnement, |cJuly 2025.
300 |a1 online resource (14 pages)
336 |atext|btxt|2rdacontent
337 |acomputer|bc|2rdamedia
338 |aonline resource|bcr|2rdacarrier
500 |aCover title.
500 |a"Promoting fairness, openness & transparency in federal procurement."
500 |aIssued also in French under title: Examen d'une plainte : acquisition de mobilier de bureau par le ministère de la Défense nationale.
520 |a"On January 30, 2025, the Office of the Procurement Ombud (OPO) received a written complaint from a supplier (the Complainant) regarding a contract awarded by the Department of National Defence (DND). The contract was for the supply, delivery and installation of office furniture and was awarded under Supply Arrangement (SA) number E60PQ120001/PQ or E60PQ-140003/PQ established by Public Services and Procurement Canada (PSPC) for furniture for office seating or workspaces. The contract was awarded on January 21, 2025 and was valued at $25,471.68 (taxes excluded)"--The Complaint, page 4.
61010|aCanada. |bDepartment of National Defence|xProcurement|xEvaluation.
650 0|aOffice furniture|zCanada.
650 0|aPublic contracts|zCanada|xManagement|xEvaluation.
7101 |aCanada. |bOffice of the Procurement Ombud, |eissuing body.
77508|tExamen d'une plainte : |w(CaOODSP)9.953382
85640|qPDF|s308 KB|uhttps://publications.gc.ca/collections/collection_2026/spac-pspc/P114-37-2025-eng.pdf
8564 |qHTML|sN/A|uhttps://opo-boa.gc.ca/praapp-prorev/2025/ep-rc-08-2025-eng.html